书目信息 |
| 题名: |
酿酒分析与检测
|
|
| 作者: | 王福荣 主编 | |
| 分册: | ||
| 出版信息: | 北京 化学工业出版社 2005 |
|
| 页数: | 365 | |
| 开本: | 23cm | |
| 丛书名: | 酒类生产技术丛书 | |
| 单 册: | ||
| 中图分类: | TS262.3 | |
| 科图分类: | ||
| 主题词: | 酿造--食品工业 | |
| 电子资源: | ||
| ISBN: | 7-5025-7035-7 | |
| 000 | 00602nam0 2200205 450 | |
| 001 | 0741144344 | |
| 005 | 20070817112544.34 | |
| 010 | @a7-5025-7035-7@d¥39.00 | |
| 100 | @a20070817d km y0chiy0120 ea | |
| 101 | 0 | @achi |
| 200 | 1 | @a酿酒分析与检测@Aniang jiu fen xi yu jian ce@f王福荣主编@Fwang fu rong zhu bian |
| 210 | @a北京@c化学工业出版社@d2005 | |
| 215 | @a365@d23cm | |
| 225 | 2 | @a酒类生产技术丛书 |
| 410 | 0 | @12001 @a酒类生产技术丛书 |
| 606 | 0 | @a酿造@x食品工业 |
| 690 | @aTS262.3@v3 | |
| 701 | 0 | @a王福荣@Awang fu rong@4主编 |
| 801 | 0 | @aCN@bPFT@c20070817 |
| 905 | @a213230@dTS262.3@en3@f1 | |
| 酿酒分析与检测/王福荣主编.-北京:化学工业出版社,2005 |
| 365;23cm.-(酒类生产技术丛书) |
| ISBN 7-5025-7035-7:¥39.00 |
| ● |
| 相关链接 |
|
|
|
|
正题名:酿酒分析与检测
索取号:TS262.3/n3
 
预约/预借
| 序号 | 登录号 | 条形码 | 馆藏地/架位号 | 状态 | 备注 |
| 1 | 6601296 | 266012968 | 生命科学系资料室/ [索取号:TS262.3/n3] | 在馆 |